Fahrenheit 451 /

Guardado en:
Autor Principal: Bradbury, Ray
Otros Autores: Hamilton, Tim; adaptador e ilustrador
Formato: Libro
Publicado: Buenos Aires : de la Flor, 2009
Materias:
Etiquetas: Agregar Etiqueta
Sin Etiquetas, Sea el primero en etiquetar este registro!
LEADER 00694nam a22002415a 4500
001 CEM.cems013982
008 130507s2009##################000#0#####d
005 20210705100640.0
003 CEMS
245 1 0 |a Fahrenheit 451 /  |c Ray Bradbury; adaptación e ilustración de Tim Hamilton. 
260 |a Buenos Aires :  |b de la Flor,  |c 2009 
300 |a 160 p. 
500 |a Parte 1 a 10. 
590 |a 1113.013 
100 1 |a Bradbury, Ray 
700 1 |a Hamilton, Tim; adaptador e ilustrador 
653 |a Literatura 
653 |a Novela ciencia ficción 
653 |a Novela eeuu 
653 |a Novelas 
653 |a Comics 
653 |a Biblioteca TC 
859 |a CEMS  |b BIB. CEMS - 11 de abril  |h TC  |p 1113.013  |t Ej.1